Holiday Quiz

Random Holiday or Star Wars Quiz
Score 0/20 Timer 10:00
0 Plays Today
Clue Answer % Correct
The special originally aired on what network in the United States?CBS
78.8%
At the festival, this character arrives, gives a short speech, and sings a song about the holiday.Princess Leia Organa
60.2%
This holiday is similar to what holiday we celebrate on Earth?Christmas
58.5%
The Wookiee home planet, where Chewbacca attempts to return, is known as what?Kashyyyk
52.5%
These three members of Chewbacca's family are introduced (name one).His father Itchy (Attichitcuk), his mother Malla (Mallatobuck), and his son Lumpy (Lumpawaroo).
47.5%
The cartoon introduced this character, who would return as a bounty hunter in 'The Empire Strikes Back.'Boba Fett
45.8%
It becomes apparent that this character is actually collaborating with which villain from the film series?Darth Vader
45.8%
The primary plot features Han Solo and Chewbacca attempting to return to Chewbacca's planet to celebrate this holiday.Life Day
44.1%
The bartender is played by this actress, who would later star in 'The Golden Girls.' She has a song, too.Bea Arthur
38.1%
Not getting much of an answer, she then contacts Saun Dann, played by this actor best known as Ed Norton in 'The Honeymooners.'Art Carney
36.4%
Clue Answer % Correct
Expecting the arrival of Chewbacca, his mother opens the door and instead finds whom?Stormtroopers
30.5%
In 2006, Harrison Ford was interviewed by this late night talk show host, who kept returning to the special and even played a clip from it despite Ford's obvious discomfort.Conan O'Brien
28.8%
Attempting to distract these characters from investigating their home, Chewie's family shows them a video from what 1970s rock group?Jefferson Starship
25.4%
Downstairs, a message from the Empire announces a curfew. It features this bar from the original movie.The Mos Eisley Cantina
25.4%
At the conclusion of the cartoon, Chewbacca's son begins watching an instruction manual delivered by an incompetent robot played by this actor and alum of 'The Carol Burnett Show.'Harvey Korman
21.2%
The character, confronted, escapes using what means of transportation?Jet pack
20.3%
Hoping to find Chewbacca, his mother contacts which two characters from the original movie?Luke Skywalker & R2D2
15.3%
This prolific Broadway actress--who also starred on 'Dynasty'--sings a highly suggestive song called 'This Minute Now,' ostensibly as a hologram.Diahann Carroll
12.7%
The investigators tell Chewbacca's mother to keep Chewbacca's son occupied, which she does by showing him a cartoon by this name.'The Faithful Wookiee'
7.6%
Chewbacca and Han arrive and dispatch the villainous investigators, allowing the Wookiee family to celebrate a festival at this location.The Tree of Life
7.6%
Remove Ads.
Support Sporcle.
Get the best of Sporcle when you Go Orange. This ad-free experience offers more features, more stats, and more fun while also helping to support Sporcle. Thank you for becoming a member.

You're not logged in!

Compare scores with friends on all Sporcle quizzes.
OR
Log In

Show Comments

Extras

Top Quizzes Today


Score Distribution

Your Account Isn't Verified!

In order to create a playlist on Sporcle, you need to verify the email address you used during registration. Go to your Sporcle Settings to finish the process.

Report this User

Report this user for behavior that violates our Community Guidelines.

Details: